| 000 | 00800nmm a2200265 a 4500 | ||
|---|---|---|---|
| 001 | ocm0001411476 | ||
| 003 | TR-IsHL | ||
| 005 | 20201028163531.0 | ||
| 008 | 160220s2016 tu tur | ||
| 007 | cr cn | ||
| 020 | _a9786054461929 | ||
| 035 |
_a1411476 _b(N$T) |
||
| 050 | 0 | 4 |
_aPL248.H33 _bE4 2016 |
| 090 | 0 | 4 |
_aPL248.H33 _bE4 2016 |
| 100 | 1 | _aHacoğlu, Ömer | |
| 245 | 1 | 0 |
_aElalem ne der ! _h[electronic resource] / _cÖmer Hacoğlu |
| 260 |
_aİstanbul : _bAres Kitap, _c2016 |
||
| 300 | _a129 p. | ||
| 650 | 4 | _aDil ve Edebiyat | |
| 650 | 4 | _aLanguage and Literature | |
| 650 | 0 | _aTürk şiiri | |
| 650 | 0 | _aTurkish poetry | |
| 650 | 7 |
_aPOETRY / Middle Eastern _2bisacsh |
|
| 856 | 4 | 0 | _uhttp://search.ebscohost.com/login.aspx?direct=true&scope=site&db=e011xww&AN=1411476 |
| 999 |
_c15377 _d15377 |
||